Brasil en el 2007 : el desencuentro entre la economía y la política /

El 2007 estuvo marcado por un gran desencuentro. Por un lado, Lula permaneció con una alta popularidad y la economía marcho bien, por el otro, el Presidente pasó crecientes dificultades políticas con los partidos y el Congreso. Desde el punto de vista económico, la coyuntura internacional favorable...

Full description

Bibliographic Details
Main Author: Amorin Neto, Octavio
Other Authors: Coelho, Carlos Frederico
Format: Libro
Language:Spanish
Published: Santiago, Chile Instituto de Ciencia Política. Pontificia Universidad Católica de Chile 2008
Subjects:

MARC

LEADER 00000cam a2200000 a 4500
001 033157
003 UAHC_CL
005 20170803123613.0
008 071119s2007 cl 000 spa
040 |a UAHC_CL  |c UAHC_CL  |d UAHC_CL 
100 1 |a Amorin Neto, Octavio 
245 1 0 |a Brasil en el 2007 :  |b el desencuentro entre la economía y la política /  |c Octavio Amorín Neto, Carlos Frederico Coelho. 
260 |b Instituto de Ciencia Política. Pontificia Universidad Católica de Chile  |c 2008  |a Santiago, Chile 
300 |a p. 81-102 
500 |a En: Revista de Ciencia Política, vol. 28, n˚1, 2008. p. 81-102. ISSN 01761417. 
520 |a El 2007 estuvo marcado por un gran desencuentro. Por un lado, Lula permaneció con una alta popularidad y la economía marcho bien, por el otro, el Presidente pasó crecientes dificultades políticas con los partidos y el Congreso. Desde el punto de vista económico, la coyuntura internacional favorable trajo beneficios al país, el que presentó mejoras en diversos índices. Políticamente, una serie de problemas del Poder Legislativo, la mayoría asociada a escándalos de corrupción, propició un mayor activismo judicial. También el gobierno federal reveló serias debilidades en la gestión política, demostrándose con el rechazo de la prorrogación del impuesto sobre transacciones financieras por parte del Senado Federal, cámara legislativa en que se concentró la oposición a Lula. 
650 4 |a PODER EJECUTIVO 
651 4 |a BRASIL  |x POLITICA Y GOBIERNO 
700 1 |a Coelho, Carlos Frederico 
900 |a FICTICIO 5902 
942 |c BK 
999 |c 33157  |d 33157